000 00712nam a2200241 i 4500
001 C2-0337051
003 PPAK
005 20180728135904.0
008 160718s2014 cc a|||| ||||| | chi d
020 _a9787538582130
040 _aPPAK
_beng
_cPPAK
_erda
082 0 4 _a333.794
_223
090 0 0 _a333.794
_bZIS
_dK
100 1 _aZi, Shang Mo Fang,
_eauthor
245 1 0 _aZai sheng neng yuan
264 1 _aChangchun :
_bBei fang fu nu er tong chu ban she ,
_c2014
300 _a122 pages :
_bcolour illustrations ;
_c24 cm
336 _2rdacontent
_atext
337 _2rdamedia
_aunmediated
338 _2rdacarrier
_avolume
650 1 0 _aRenewable energy sources - Juvenile literature.
942 _ddc
_cB
999 _c134767
_d134767